000 01756cam a22003131i 4500
003 SA-RiAUC
005 20250415075051.0
008 250415s1951 le g i 000 0 ara c
040 _aSA-EnSBSSC
_bara
_cSA-RiAUC
_erda
041 1 _aara
_hund
082 0 4 _a236.6016
_qSA-RiAUC
090 _a236.6016
_bم ح م
100 1 _aمحمد عابد السندي، محمد عابد بن أحمد،
_dتوفي 1257 هجري
_eمؤلف.
245 1 0 _aترتيب مسند الإمام المعظم والمجتهد المقدم أبي عبد الله محمد بن إدريس الشافعي /
_cرتبه المحدث البارع محمد عابد السندي ؛ عرف الكاتب وترجم للمؤلف محمد زاهد بن الحسن الكوثري ؛ تولى نشره وتصحيحه ومراجعة أصوله على النسختين يوسف علي الزواوي الحسني، عزت العطار الحسيني.
264 1 _aبيروت :
_bدار الكتب العلمية،
_c1951
300 _a2 مجلد في 1 ؛
_c25 سم
336 _aنص
_btxt
_2rdacontent
_3كتاب
337 _aبدون وسيط
_bn
_2rdamedia
338 _aمجلد
_bnc
_2rdacarrier
500 _aيشتمل على كشاف.
650 7 _aالحديث
_xمسند الشافعي
_vكشافات
_2aucsh
700 1 _aالكوثري، محمد زاهد بن الحسن،
_d1879-1952
_eمقدم.
700 1 _aالحسني، يوسف علي الزواوي
_eمشرف.
700 1 _aالحسيني، عزت العطار
_e مشرف.
700 1 2 _aالإمام الشافعي، محمد بن إدريس بن العباس،
_d150-204 هجري
740 0 2 _aمسند الإمام الشافعي.
942 _2ddc
_cRARE BOOK
_n0
949 _aSA-JeALM
_d250415
_umohamedma123
_n1
999 _c7079
_d7079